Statistics for Capital Cities in North America

Click here to take the quiz!

General Stats

  • This quiz has been taken 7 times
  • The average score is 17 of 23

Answer Stats

CountryCity% Correct
United States of AmericaWashington DC
100%
Dominican RepublicSanto Domingo
100%
St Vincent and the GrenadinesKingstown
100%
PanamaPanama City
100%
MexicoMexico City
100%
JamaicaKingston
100%
El SalvadorSan Salvador
100%
GuatemalaGuatemala City
100%
CanadaOttawa
100%
CubaHavana
86%
BahamasNassau
86%
HaitiPort-Au-Prince
86%
HondurasTegucigalpa
71%
Costa RicaSan Jose
71%
NicaraguaManagua
71%
BelizeBelmopan
71%
Antigua and BarbudaSt Johns
71%
GrenadaSt Georges
57%
DominicaRoseau
43%
Trinidad and TobagoPort of Spain
43%
St Kitts and NevisBasseterre
29%
BarbadosBridgetown
29%
St LuciaCastries
14%

Score Distribution

Percentile by Number Answered

Percent of People with Each Score

Your Score History

You have not taken this quiz